|
|
|
|
| LEADER |
00000csc a2200000 a 4500 |
| 001 |
65286 |
| 003 |
Ucuenca |
| 005 |
20230524062945.0 |
| 008 |
993072|1989 sp |||||r|||||||||||spa|| |
| 020 |
|
|
|a 847232480X
|
| 040 |
|
|
|b spa
|
| 041 |
0 |
|
|a spa
|
| 082 |
0 |
|
|a 338.9
|
| 245 |
|
|
|a Raúl Prebisch
|c Editor Francisco Alburquerque
|h imp
|
| 264 |
|
|
|a Madrid
|b Ediciones de Cultura Ispánica
|c 1989
|
| 300 |
|
|
|a 163 páginas:
|c 24 cm
|
| 490 |
|
|
|a Antología del Pensamiento Político, Social y Económico de América Latina
|
| 504 |
|
|
|a incl. ref.
|
| 650 |
1 |
|
|a Prebisch, raul
|9 208312
|
| 650 |
1 |
0 |
|a Cooperación internacional
|9 1778
|
| 650 |
1 |
0 |
|a Desarrollo económico
|9 4373
|
| 650 |
1 |
0 |
|a América Latina
|9 878
|
| 700 |
1 |
|
|a Alburquerque Lloréns, Francisco.
|9 219144
|
| 852 |
|
|
|a UC-CDJBV
|f Donación
|l 1
|m General
|p 19930728
|q 2000.00
|r 2
|t 65286
|b 0
|d CDRC
|e CDRC
|g 338.9 PRIMER PISO
|z 1993-30-72
|
| 942 |
|
|
|c CR
|
| 999 |
|
|
|c 115371
|d 115371
|